000 00566cab a2200205 4500
001 WB2549-04
008 090401t1989 xxu||||| |||| 00| 0 eng d
035 _a(Sirsi) u23516
041 _aeng
245 _aFlat roof study
260 _c1989
350 _a0
490 _aBuilding Design
_vno 965, 8/12/89 p12
520 _aA study into the performance of flat roofs is to be undertaken by the British Flat Roofing Council and Napier Polytechnic .
650 _aBRE
650 _aCIRIA
690 _aBUILT ENVIRONMENT
942 _n0
948 _c04/03/1997
999 _c15715
_d15715